Engineering Electromagnetics (Record no. 3894)

MARC details
000 -LEADER
fixed length control field 00321nam a2200133Ia 4500
008 - FIXED-LENGTH DATA ELEMENTS--GENERAL INFORMATION
fixed length control field 191201s2008 xx 000 0 und d
082 ## - DEWEY DECIMAL CLASSIFICATION NUMBER
Classification number 621.38214
Item number HAE
100 ## - MAIN ENTRY--PERSONAL NAME
Personal name HAYT, William H
245 #0 - TITLE STATEMENT
Title Engineering Electromagnetics
260 ## - PUBLICATION, DISTRIBUTION, ETC. (IMPRINT)
Place of publication, distribution, etc N.Delhi
Name of publisher, distributor, etc TMH
Date of publication, distribution, etc 2008
300 ## - PHYSICAL DESCRIPTION
Extent 582
650 ## - SUBJECT ADDED ENTRY--TOPICAL TERM
Topical term or geographic name as entry element B.Tech(ECE)
942 ## - ADDED ENTRY ELEMENTS (KOHA)
Source of classification or shelving scheme Dewey Decimal Classification
Koha item type Text Books
Holdings
Withdrawn status Lost status Source of classification or shelving scheme Damaged status Not for loan Collection code Home library Current library Date acquired Source of acquisition Cost, normal purchase price Bill Number Total Checkouts Full call number Acc. no. / Barcode Date last seen Bill Date Koha item type Date last borrowed
    Dewey Decimal Classification     B.Tech(ECE) PIET C-LIBRARY PIET C-LIBRARY 05/03/2009 J B C, New Delhi 310.00 SI-6014   621.34 HAE 11896 04/12/2019 24/02/2009 Text Books  
    Dewey Decimal Classification     B.Tech(ECE) PIET C-LIBRARY PIET C-LIBRARY 05/03/2009 J B C, New Delhi 310.00 SI-6014 1 621.34 HAE 11897 28/06/2024 24/02/2009 Text Books 25/06/2024
    Dewey Decimal Classification     B.Tech(ECE) PIET C-LIBRARY PIET C-LIBRARY 05/03/2009 J B C, New Delhi 310.00 SI-6014   621.34 HAE 11898 04/12/2019 24/02/2009 Text Books  
    Dewey Decimal Classification     B.Tech(ECE) PIET C-LIBRARY PIET C-LIBRARY 16/03/2009 J B C, New Delhi 310.00 SI-6283 3 621.34 HAE 12113 28/06/2024 12/03/2009 Text Books 25/06/2024
    Dewey Decimal Classification     B.Tech(ECE) PIET C-LIBRARY PIET C-LIBRARY 16/03/2009 J B C, New Delhi 310.00 SI-6283   621.34 HAE 12114 04/12/2019 12/03/2009 Text Books  
    Dewey Decimal Classification     B.Tech(ECE) PIET C-LIBRARY PIET C-LIBRARY 16/03/2009 J B C, New Delhi 310.00 SI-6283   621.34 HAE 12115 04/12/2019 12/03/2009 Text Books  

Design & Developed by: PIET Central Library
R70 Miles Stone Pattikalyana Samalkha Panipat 132102
mail ID :- [email protected], Phone No:- 0180-2569700 Ex.216